| 000 | 01444nam1a22003131i 4500 | ||
|---|---|---|---|
| 001 | rc\974087 | ||
| 005 | 20260406094315.0 | ||
| 035 | _a(NLR Aleph) 006245587 | ||
| 090 |
_a6705798 _c6705798 |
||
| 100 | _a20041129d1982| k |0rusy50 ca | ||
| 101 | 1 |
_arus _clat _ccze |
|
| 102 | _aRU | ||
| 105 | _a| z|||||||| | ||
| 200 | 1 |
_aИзбранные педагогические сочинения _e[в 2-х т.] _fЯ.А. Коменский _gпод ред. А.И. Пискунова (отв. ред.) [и др.] |
|
| 210 |
_aМосква _cПедагогика _d1982 |
||
| 215 |
_a2 т. _d22 |
||
| 225 | 1 |
_aПедагогическая библиотека _fАПН СССР _fредкол. серии: М.И. Кондаков (пред.) |
|
| 600 | 1 |
_aКоменский _bЯ.А. _f1592 - 1670 _gЯн Амос _xПедагогические взгляды _91356161 _3RU\NLR\AUTH\66566921 |
|
| 606 |
_aПедагогика _9921924 _3RU\NLR\AUTH\6619222 |
||
| 686 | 0 |
_aЧ30я44-Коменский _2rubbk |
|
| 686 | 0 |
_aЧ33я42-271 _2rubbk |
|
| 700 | 1 |
_8rus _7ca _aКоменский _bЯ. А. _f1592-1670 _gЯн Амос _3RU\NLR\AUTH\7768663 _951591 |
|
| 702 |
_aПискунов _bА. И. _f1921- _gАлексей Иванович _4340 |
||
| 702 |
_aКондаков _bМ. И. _f1920- _gМихаил Иванович _4340 |
||
| 801 | 0 |
_aRU _bNLR _gpsbo |
|
| 801 | 1 |
_aRU _bELAR _2rusmarc |
|
| 801 | 2 |
_aRU _bNLR _c20131202 _2rusmarc |
|
| 852 |
_aNLR _j82-5/6072 |
||
| 942 | _cBOOK | ||